000 00328 a2200157 4500
001 193012
020 _a978-85-910735-0-4
040 _cMagnum
100 _aAlonso, Jose Bruna
240 1 0 _aRevelações
_lpor
245 1 0 _aRevelações
300 _a292
362 0 _a2017
697 _aESTUDOS BIOGRÁFICOS
942 _cBK
999 _c193012
_d193012